<?xml version="1.0" encoding="UTF-8"?>
<record
    xmlns:xsi="http://www.w3.org/2001/XMLSchema-instance"
    xsi:schemaLocation="http://www.loc.gov/MARC21/slim http://www.loc.gov/standards/marcxml/schema/MARC21slim.xsd"
    xmlns="http://www.loc.gov/MARC21/slim">

  <leader>01338nam a22001817a 4500</leader>
  <controlfield tag="008">190323b        xxu||||| |||| 00| 0 eng d</controlfield>
  <datafield tag="022" ind1=" " ind2=" ">
    <subfield code="a">0304-405X</subfield>
  </datafield>
  <datafield tag="245" ind1=" " ind2=" ">
    <subfield code="a">Capital gains taxation and the cost of capital: Evidence from unanticipated cross-border transfers of tax base / by Harry Huizinga, Johannes Voget &amp; Wolf Wagner </subfield>
    <subfield code="c">Harry Huizinga, Johannes Voget &amp; Wolf Wagner </subfield>
  </datafield>
  <datafield tag="260" ind1=" " ind2=" ">
    <subfield code="a">Amsterdam</subfield>
    <subfield code="b">Elsevier</subfield>
    <subfield code="c">August 2018</subfield>
  </datafield>
  <datafield tag="300" ind1=" " ind2=" ">
    <subfield code="a">Pages 306-328</subfield>
  </datafield>
  <datafield tag="440" ind1=" " ind2=" ">
    <subfield code="a"> Journal of Financial Economics</subfield>
    <subfield code="v">129 (2)</subfield>
    <subfield code="x">0304-405X</subfield>
  </datafield>
  <datafield tag="500" ind1=" " ind2=" ">
    <subfield code="a">Abstract
In a cross-border takeover, the tax base associated with future capital gains is transferred from target shareholders to acquirer shareholders. Cross-country differences in capital gains tax rates enable us to estimate the discount in target valuation on account of future capital gains. We estimate that a 1 percentage point increase in the capital gains tax rate reduces the value of equity by around 0.3%, which suggests that the capital gains tax significantly raises firms&#x2019; cost of capital. Furthermore, we find that the implied capital gains tax burden is higher at times of high economic growth and low stock market valuation.</subfield>
  </datafield>
  <datafield tag="690" ind1=" " ind2=" ">
    <subfield code="a">Capital gains taxation</subfield>
  </datafield>
  <datafield tag="690" ind1=" " ind2=" ">
    <subfield code="a">Cost of capital</subfield>
  </datafield>
  <datafield tag="690" ind1=" " ind2=" ">
    <subfield code="a">International takeovers</subfield>
  </datafield>
  <datafield tag="690" ind1=" " ind2=" ">
    <subfield code="a">Takeover premium</subfield>
  </datafield>
  <datafield tag="942" ind1=" " ind2=" ">
    <subfield code="2">lcc</subfield>
    <subfield code="c">SE</subfield>
  </datafield>
  <datafield tag="999" ind1=" " ind2=" ">
    <subfield code="c">361364</subfield>
    <subfield code="d">361364</subfield>
  </datafield>
  <datafield tag="952" ind1=" " ind2=" ">
    <subfield code="0">0</subfield>
    <subfield code="1">0</subfield>
    <subfield code="2">lcc</subfield>
    <subfield code="4">0</subfield>
    <subfield code="a">CL</subfield>
    <subfield code="b">CL</subfield>
    <subfield code="c">PER</subfield>
    <subfield code="d">2019-03-23</subfield>
    <subfield code="l">0</subfield>
    <subfield code="r">2019-03-23 00:00:00</subfield>
    <subfield code="w">2019-03-23</subfield>
    <subfield code="y">SE</subfield>
  </datafield>
</record>
